Το πρώτο βιβλίο της Access 7.0

Αποθηκεύτηκε σε:
Λεπτομέρειες βιβλιογραφικής εγγραφής
Κύριος συγγραφέας: Τοράκη, Κατερίνα
Μορφή: Βιβλίο
Γλώσσα:Greek
Δημοσίευση: Αθήνα : Εκδόσεις Νέων Τεχνολογιών, 1996
Θέματα:
Ετικέτες: Προσθήκη ετικέτας
Δεν υπάρχουν, Καταχωρήστε ετικέτα πρώτοι!

MARC

LEADER 00000nam a2200000 i 4500
001 1/77650
008 971219s1996 gre d
020 |a 960-7235-78-9 
035 |a 1997  |b 3  |c Δωρεά  |l 10032718 
040 |a GR-MY-UA  |b gre  |e aacr 
041 0 |a gre 
082 0 |a 005.7565 
100 1 |a Τοράκη, Κατερίνα. 
245 1 3 |a Το πρώτο βιβλίο της Access 7.0 /  |c Κατερίνα Τοράκη 
260 |a Αθήνα :   |b Εκδόσεις Νέων Τεχνολογιών,   |c 1996 
300 |a 186 π. 
630 0 0 |a Microsoft Access. 
650 0 0 |a Database management. 
852 |a INST  |b RHODES  |e 19971219  |h 005.7565 ΤΟΡ  |p 005400005029  |q 005400005029  |t BK  |y 0 
901 |a BIBL-1997-2 
909 |a Ρ  |b 048868  |c 1997